书目信息 |
| 题名: |
多目标优化理论与连续化方法
|
|
| 作者: | 贺莉 , 刘庆怀 著 | |
| 分册: | ||
| 出版信息: | 北京 科学出版社 2015.6 |
|
| 页数: | 205页 | |
| 开本: | 24cm | |
| 丛书名: | ||
| 单 册: | ||
| 中图分类: | O242.23 | |
| 科图分类: | ||
| 主题词: | 最优化算法 | |
| 电子资源: | ||
| ISBN: | 978-7-03-044801-9 | |
| 000 | 01073nam0 2200253 450 | |
| 001 | 0400001182 | |
| 005 | 20171015091728.0 | |
| 010 | @a978-7-03-044801-9@dCNY58.00 | |
| 100 | @a20150920d2015 em y0chiy50 ea | |
| 101 | 0 | @achi |
| 102 | @aCN@b110000 | |
| 105 | @ay z 000yy | |
| 106 | @ar | |
| 200 | 1 | @a多目标优化理论与连续化方法@9duo mu biao you hua li lun yu lian xu hua fang fa@f贺莉,刘庆怀著 |
| 210 | @a北京@c科学出版社@d2015.6 | |
| 215 | @a205页@d24cm | |
| 320 | @a有书目(第197-205页) | |
| 330 | @a本书共分5章,第1章从各种实际问题中提炼出多目标化模型,简要介绍了多目标优化理论与求解方法的研究进展;第2章为多目标优化的基本理论,包括向量集的极值、Pareto解集、凸集及凸函数、广义凸函数;第3章介绍了光滑与非光滑多目标优化的最优性条件;第4章主要介绍了多目标优化的五种经典方法;第5章阐述了连续化方法及其边界条件,以及用连续化方法在求解光滑与非光滑目标优化问题上的应用。 | |
| 606 | 0 | @a最优化算法 |
| 690 | @aO242.23@v5 | |
| 701 | 0 | @a贺莉@9he li@4著 |
| 701 | 0 | @a刘庆怀@9liu qing huai@4著 |
| 801 | 0 | @aCN@b91MARC@c20171015 |
| 905 | @b1020300-4@dO242.23@f5@e40 | |
| 多目标优化理论与连续化方法/贺莉,刘庆怀著.-北京:科学出版社,2015.6 |
| 205页;24cm |
| ISBN 978-7-03-044801-9:CNY58.00 |
| 本书共分5章,第1章从各种实际问题中提炼出多目标化模型,简要介绍了多目标优化理论与求解方法的研究进展;第2章为多目标优化的基本理论,包括向量集的极值、Pareto解集、凸集及凸函数、广义凸函数;第3章介绍了光滑与非光滑多目标优化的最优性条件;第4章主要介绍了多目标优化的五种经典方法;第5章阐述了连续化方法及其边界条件,以及用连续化方法在求解光滑与非光滑目标优化问题上的应用。 |
| ● |
| 相关链接 |
|
|
|
|
正题名:多目标优化理论与连续化方法
索取号:O242.23/40
 
预约/预借
| 序号 | 登录号 | 条形码 | 馆藏地/架位号 | 状态 | 备注 |
| 1 | 1020300 | 210203000 | 第二样本阅览室/ [索取号:O242.23/40] | 在馆 | |
| 2 | 1020301 | 210203019 | 密集书库-数信学院/ [索取号:O242.23/40] | 在馆 | |
| 3 | 1020302 | 210203028 | 第三借阅区/ [索取号:O242.23/40] | 在馆 | |
| 4 | 1020303 | 210203037 | 第三借阅区/ [索取号:O242.23/40] | 在馆 | |
| 5 | 1020304 | 210203046 | 第三借阅区/ [索取号:O242.23/40] | 在馆 |